Statistics for The answer starts with T

Click here to take the quiz!

General Stats

  • This quiz has been taken 62 times
  • The average score is 8 of 11

Answer Stats

HintAnswer% Correct
The second biggest US stateTexas
96%
The capital of Ontario, CanadaToronto
87%
An african country bordering BeninTogo
85%
A small country in Oceania in the Pacific OceanTuvalu
85%
The country bordering Algeria and LibyaTunisia
81%
An island on the south of AustraliaTasmania
80%
The capital of TaiwanTaipei
78%
The capital of JapanTokyo
69%
Author of "War and Peace"Tolstoy
65%
The language most commonly spoken in the PhillipinnesTagalog
59%
... and Tobago - a south american country with the capital in Port of SpainTrinidad
54%

Score Distribution

Percentile by Number Answered

Percent of People with Each Score

Your Score History

You have not taken this quiz